000 00988cab a2200277 4500
001 WB3144-27
008 090401t1995 xxu||||| |||| 00| 0 eng d
035 _a(Sirsi) u35252
041 _aeng
245 _aBypass construction near home
260 _c1995
350 _a0
490 _aEstates Gazette Case Summaries
_v(1995) EGCS 170(1) (18/11/95)
520 _a"R v SoS Transport, ex parte Owen and another (No 2)" QBD 3 November 1995. Refusal by SoS to purchase applicants` house after bypass construction near home, on grounds that applicants had foreknowledge of road construction. Application for judicial review by applicants refused.
650 _aBLIGHT
650 _aBYPASS CONSTRUCTION
650 _aCOLONEL OWEN
650 _aCOMPENSATION
650 _aFOREKNOWLEDGE
650 _aHIGHWAYS ACT 1980 S246
650 _aJUDICIAL REVIEW
650 _aROAD CONSTRUCTION
690 _aHIGHWAYS AND RIGHTS OF WAY-CASE LAW
942 _n0
948 _c04/03/1997
999 _c23105
_d23105